00321nam a2200121Ia 4500008004100000041000800041082001800049100001700067245004400084260002800128300003100156365001200187240624s9999 xx 000 0 und d aeng a332.67253 GOY aGOYER MICHEL aCONTINGENT CAPITAL SHORT TERM INVESTORS c2011aNew DelhibOxford axiv, : 209 : p. : cm. ; 22 cBPSb38